| 000 | 00530nam a2200217Ia 4500 | ||
|---|---|---|---|
| 003 | 0100 | ||
| 008 | 130303s9999 xx 000 0 und d | ||
| 020 | _a0415100909 | ||
| 040 | _cARRUPELIB | ||
| 050 | _aB1294.L65 1995 | ||
| 100 | _aLowe. E. J | ||
| 245 | _aRoutledge philosophy guidebook to Locke on human understanding | ||
| 260 | _aLondon | ||
| 260 | _bRoutledge | ||
| 260 | _C1995 | ||
| 300 | _ax | ||
| 300 | _b 203 p. 21 cm. | ||
| 440 | _aRoutledge philosophy guidebooks | ||
| 650 | _aPHILOSOPHY | ||
| 942 | 0 | 0 | _02 |
| 999 |
_c13832 _d13832 |
||